Ki volt Esterházy János? Politikai és erkölcsi arcképvázlat 3

Bibliographic Details
Main Author: Popély, Gyula, 1945- (Author)
Format: Article
Language:Hungarian
Subjects:

MARC

LEADER 00000nab a2200000 a 4500
001 vtls000581846
003 SK-MaSNL
005 20260318122050.0
008 180331c1996 xo 0 hun
015 |a SNBRB19rr/mm-uuuuu 
035 |a CL0581985 
040 |a SNKBUCL  |b slo  |c SNKBUCL  |e AACR2 
041 0 |a hun 
044 |a xo  |c SK 
080 |a 32-051(437=945.11)  |2 1981 
080 |a 943.76-051"19"  |2 1981 
080 |a 929 Esterházy, János  |2 1981 
100 1 |a Popély, Gyula,  |d 1945-  |4 aut  |9 85478 
245 1 0 |a Ki volt Esterházy János?  |b Politikai és erkölcsi arcképvázlat 3  |c Gyula Popély 
500 |a Pokračovanie 
600 1 7 |a Esterházy, János,  |d 1901-1957  |2 snkbucl  |9 125804 
655 7 |a články z novín a časopisov  |2 snkbucl  |9 267496 
773 0 |t Szabad újság  |g Roč. 4, č. 12 (1996), s. 9 
850 |a Slovenská národná knižnica v Martine  |a DSG001 
852 |a SNK  |b KIS3GCP 
958 |a NX 
958 |a BX 
958 |a RK 
958 |a HU 
958 |a SK 
992 |a RBX 
999 |c 2995370  |d 2997300